000 00790nam a2200229Ii 4500
003 JO-AjNU
008 230605s9999||||xx |||||||||||||| ||und||
017 _a2012/1/426
020 _a978-9957-506-79-7
040 _aJO-AjNU
_bara
_erda
_cJO-AjNU
041 _aara
050 1 4 _aBD161 2012
100 3 _aتاليف عبدالله، رابعة خليل سهيل,
_eauthor
_950155
245 0 0 _aالتغير في المعرفة وتحديات القرن الحادي والعشرين
250 _aط1
264 3 1 _aعمان: عماد الدين للنشر والتوزيع، 20121
300 _a172ص
336 _atext
_btxt
_2rdacontent
337 _aunmediated
_bn
_2rdamedia
338 _avolume
_bnc
_2rdacarrier
650 4 _aالمعرفة - الحياة الفكرية
_950156
999 _aA22076
_c25644
_d25644